London's industrial capacity under scrutiny (Record no. 73530)
[ view plain ]
| 000 -LEADER | |
|---|---|
| fixed length control field | 01064cam a2200193 4500 |
| 001 - CONTROL NUMBER | |
| control field | WB3937-19 |
| 008 - FIXED-LENGTH DATA ELEMENTS--GENERAL INFORMATION | |
| fixed length control field | 031002n2003 000 0 eng u |
| 035 ## - SYSTEM CONTROL NUMBER | |
| System control number | (Sirsi) u123812 |
| 245 ## - TITLE STATEMENT | |
| Title | London's industrial capacity under scrutiny |
| 260 ## - PUBLICATION, DISTRIBUTION, ETC. | |
| Date of publication, distribution, etc. | 2003 |
| 490 ## - SERIES STATEMENT | |
| Series statement | GLA Press Release |
| Volume/sequential designation | (399) 30 September 2003 (2) |
| 520 ## - SUMMARY, ETC. | |
| Summary, etc. | The Mayor of London has published draft supplementary planning guidance on the management of industrial land in London. It gives advice on the management of the supply of industrial land to meet the demands of industry and outlines how surplus land can be freed for other uses. Comments on the consultation document must be received by 2 January 2004. Copies of the document are available from http://www.london.gov.uk/mayor/strategies/sds/industrial_capacity.jsp. http://www.london.gov.uk/view_press_release.jsp?releaseid=1993 |
| 590 ## - LOCAL NOTE (RLIN) | |
| Local note | WB |
| 650 ## - SUBJECT ADDED ENTRY--TOPICAL TERM | |
| Topical term or geographic name entry element | LONDON |
| 650 ## - SUBJECT ADDED ENTRY--TOPICAL TERM | |
| Topical term or geographic name entry element | INDUSTRIAL DEVELOPMENT |
| 650 ## - SUBJECT ADDED ENTRY--TOPICAL TERM | |
| Topical term or geographic name entry element | CONSULTATION DOCUMENTS |
| 690 ## - LOCAL SUBJECT ADDED ENTRY--TOPICAL TERM (OCLC, RLIN) | |
| Topical term or geographic name as entry element | ENVIRONMENTAL AND LAND CONSULTANCY-PLANNING AND DEVELOPMENT |
| 942 ## - ADDED ENTRY ELEMENTS (KOHA) | |
| Suppress in OPAC | 0 |
| Withdrawn status | Lost status | Source of classification or shelving scheme | Damaged status | Not for loan | Home library | Current library | Shelving location | Date acquired | Total Checkouts | Full call number | Barcode | Date last seen | Copy number | Price effective from | Koha item type |
|---|---|---|---|---|---|---|---|---|---|---|---|---|---|---|---|
| Dewey Decimal Classification | London | London | News article | 02/10/2003 | WB3937-19 | 123812-1001 | 06/08/2019 | 1 | 06/08/2019 | News article |